000 00664nam a2200253Ia 4500
003 OSt
005 20220918163400.0
006 a|||||r|||| 00| 0
007 ta
008 220917b |||||||| |||| 00| 0 eng d
020 _a0 7100 0457 5
024 _a29,334
037 _cTextual
040 _aARTS
_cARTS
_beng
041 _2eng
_aeng
082 _aO111,3:g, M1
100 _aWilding Micheal
_912853
245 0 _aPolitical fiction
260 _aLonodn
_bRoutledge And Kegan Paul UK
_c1980
300 _aix,266p.
_ccm.
650 _aENGLISH LITERATURE
942 _hO111,3:g, M1
_cTEXL
_2CC
999 _c119276
_d119276